| 000 | 00494nam a2200205Ia 4500 | ||
|---|---|---|---|
| 003 | OSt | ||
| 005 | 20231117094045.0 | ||
| 008 | 210210b1903 xxu||||| |||| 00| 0 eng d | ||
| 040 | _cAL | ||
| 041 | _aeng | ||
| 082 | _a821/189 | ||
| 100 |
_aDANTE _9141689 |
||
| 245 | _aParadiso: Longfellow | ||
| 260 |
_aLondon _bJ M Dent and Company _c1903 |
||
| 650 |
_aParadiso: _9141690 |
||
| 650 |
_aLongfellow _9141691 |
||
| 690 |
_aEnglish Literature _9141692 |
||
| 906 | _a011358 | ||
| 942 |
_2ddc _cBK |
||
| 999 |
_c130033 _d130033 |
||